01316nam a2200289Ia 4500008004100000020002200041040001800063041000800081245023200089260006500321300004900386490004300435504005300478650003300531650002600564650001300590650002100603700003200624700004100656700003300697700004700730700004300777700003900820700003300859700004100892710009300933130821s2012 ck a gr spa  a978 958 738 252 5 aCo-BoUCMbspa00aspa00aÁreas funcionales para la reflexión marketing y recursos humanoscDavid H. Barbosa Ramírez ; Merlin Patricia Grueso Hinestroza, Claudia Eugenia Toca Torres, coordinadoras académicas ; prólogo Carlos Eduardo Maldonado aBogotá (Colombia)bEditorial Universidad del Rosarioc2012 axv, 184 páginasbilustraciones, gráficas 0aColección Textos de Administración aIncluye referencias bibliográficas e índice. aAdministración de empresas aCambio organizacional aMercadeo aRecursos humanos1 aBarbosa Ramírez, David H.1 aBohórquez Arévalo, Luz Esperanza1 aGil-Bolívar, Fabio Alberto1 aGrueso Hinestroza, Merlin Patriciaecoord.1 aMaldonado, Carlos Eduardoeprologuista1 aNoguera Hildalgo, Ángela Lucía1 aOrtiz Moreno, Carlos Antonio1 aToca Torres, Claudia Eugeniaecoord.1 aUniversidad Colegio Mayor de Nuestra Señora del Rosario.bFacultad de Administración